000 01305nam a2200253 a 4500
008 180905s2014 ||||||||||||||||| || u
020 _a9789881296771
050 _aSB 472.7 Com
100 _aWu, Stone
245 1 0 _aCommercial landscape design: creating attractive and functional commercial spaces
_cEdited by Stone Wu; Lola Meeker; Jutta Connor; Jessica Cyrus
260 _aCalifornia:
_c2014
300 _a128p.: ill
350 _a12.89
490 _aLandscape Record
500 _a07. 2014 NO. 4
650 _aURBAN LANDSCAPE ARCHITECTURE
700 _aConnor, Jutta
700 _aMeeker, Lola
700 _aCyrus, Jessica
995 _aANNEX COLLECTION (Main Library)
_e748623
_FCBU-MAIN LIBRARY (Kitwe)
_I12.89
_jSB 472.7 Com
_M3
_UAVAILABLE
_WFeb 6, 2019
_y748623
_ZAnnex Low-Usage Collection
995 _aMAIN LIBRARY OPEN ACCESS
_e748621
_FCBU-MAIN LIBRARY (Kitwe)
_I12.89
_jSB 472.7 Com
_M1
_UAVAILABLE
_WFeb 6, 2019
_y748621
_ZMain Library Open Access Collection
995 _aMAIN LIBRARY OPEN ACCESS
_e748622
_FCBU-MAIN LIBRARY (Kitwe)
_I12.89
_jSB 472.7 Com
_M2
_UAVAILABLE
_WFeb 6, 2019
_y748622
_ZMain Library Open Access Collection
995 _aANNEX COLLECTION (Main Library)
_e748624
_FCBU-MAIN LIBRARY (Kitwe)
_I12.89
_jSB 472.7 Com
_M4
_UAVAILABLE
_WFeb 6, 2019
_y748624
_ZAnnex Low-Usage Collection
999 _c79503
_d79503